| 000 | 00808nam a2200229 a 4500 | ||
|---|---|---|---|
| 001 | 000034992 | ||
| 005 | 20200930074031.0 | ||
| 008 | 090716s1962 sp 000 0 spa d | ||
| 040 |
_aDO-SdBNP _bspa _cBNPHU |
||
| 082 |
_axxxx _bM516p |
||
| 100 | 1 |
_aCurtis, Jack H. _960598 |
|
| 245 | 1 | 0 |
_aPsicología social / _cJack H. Curtis ; traducción directa del inglés por Juan Masana Ronquillo y José Toro Trallero. |
| 260 |
_aMéxico : _bEdiciones Grijalbo, _c1962. |
||
| 300 |
_a477 p. ; _c24 cm. |
||
| 490 | 1 | _aTratados manuales | |
| 504 | _aBibliografía : p. 466 | ||
| 590 | _aPerteneció a la biblioteca personal de Juan Isidro Jimenes Grullón | ||
| 700 | 1 |
_aMasana Ronquillo, Juan, _etr. _960599 |
|
| 700 | 1 |
_aToro Trallero, José, _etr. _960600 |
|
| 830 | 0 |
_aTratados manuales _960601 |
|
| 049 | _aBNPD | ||
| 999 |
_c34483 _d34483 |
||